Countries containing letters E and R - Statistics

General Stats
  • This quiz has been taken 539 times
    532 since last reset
  • The average score is 35 of 50
Answer Stats
Answer % Correct
Argentina
87%
Germany
86%
Greece
86%
France
85%
North Korea
84%
Ireland
82%
United Arab Emirates
82%
South Korea
81%
Eritrea
80%
Niger
80%
Nigeria
80%
Armenia
79%
United States of America
79%
Algeria
78%
Netherlands
78%
Serbia
78%
Azerbaijan
77%
Turkey
77%
Turkmenistan
77%
Central African Republic
75%
Switzerland
75%
Ecuador
74%
Belarus
73%
Grenada
73%
Israel
73%
Denmark
72%
Peru
72%
Ukraine
72%
Dominican Republic
68%
Equatorial Guinea
68%
Sierra Leone
68%
El Salvador
67%
Liberia
67%
Singapore
67%
Bosnia and Herzegovina
66%
Czech Republic
66%
Cameroon
65%
Democratic Republic of the Congo
65%
Montenegro
65%
Luxembourg
64%
Brunei
63%
Georgia
63%
St Vincent and the Grenadines
61%
Suriname
61%
East Timor
60%
Micronesia
57%
Cape Verde
56%
Republic of the Congo
54%
Cote d'Ivoire
40%
Sao Tome and Principe
39%
No matching quizzes found
Score Distribution
Percent of People with Each Score
Percentile by Number Answered
Your Score History
You have not taken this quiz since the last reset